|
|
|
|
| LEADER |
02075nem a22004932a 4500 |
| 001 |
mzk03001057278 |
| 003 |
CZ BrMZK |
| 005 |
20111129135520.0 |
| 007 |
aj|aa||| |
| 008 |
071115s1735 xx |||||||a|||r|1|||gerod |
| 034 |
1 |
|
|a a
|b 5000
|d E0080539
|e E0080736
|f N0491157
|g N0491053
|
| 040 |
|
|
|a BOA001
|b cze
|
| 041 |
0 |
|
|a ger
|a fre
|
| 043 |
|
|
|a e-gx---
|
| 072 |
|
7 |
|a 912:904
|x Staré mapy
|2 Konspekt
|9 7
|
| 080 |
|
|
|a (084.3)
|2 MRF
|
| 080 |
|
|
|a (430.123)
|2 MRF
|
| 080 |
|
|
|a 912.43:069.5
|2 MRF
|
| 100 |
1 |
|
|a Du Chaffat, Antoine,
|d -1740
|7 mzk2009532957
|4 aut
|
| 245 |
1 |
0 |
|a Plan der Situation und Fortification von Landau
|h [kartografický dokument] /
|c Par du Chaffat Capitaine et Ingenieur de la Rep. d'Ulm Anno 1735
|
| 255 |
|
|
|a Měřítko [ca 1:5 000]. 9,2 cm = 300 Französische Toises
|c (008°05´39" v.d.--008°07´36" v.d./049°11´57" s.š.--049°10´53" s.š.)
|
| 260 |
|
|
|a [S.l. :
|b s.n.],
|c 1735
|
| 300 |
|
|
|a 1 mapa :
|b mědirytina ;
|c 50 x 70 cm na listu 56 x 82 cm, složeno na 57 x 61 cm
|
| 500 |
|
|
|a Plán města s opevněním
|
| 500 |
|
|
|a Podlepeno papírem o velikosti 56 x 64 cm
|
| 500 |
|
|
|a Pro kresbu podle tohoto plánu viz Moll-0004.349, viz též Moll-0004.351
|
| 500 |
|
|
|a Výzdoba: V pravém horním rohu výřez s názvem, vysvětlivkami a impresem, v pravém dolním rohu směrová růžice
|
| 510 |
3 |
|
|a IKAR
|
| 510 |
4 |
|
|a Kuchař, K. Mapová sbírka B.P. Molla,
|c s. 386
|
| 546 |
|
|
|a Souběžný francouzský a německý název
|
| 655 |
|
7 |
|a historické mapy
|7 fd186723
|2 czenas
|
| 650 |
0 |
4 |
|a Mollova mapová sbírka
|
| 650 |
0 |
7 |
|a mapové sbírky
|z Česko
|7 ph182407
|2 czenas
|
| 610 |
2 |
7 |
|a Moravská zemská knihovna (Brno, Česko).
|b Mapová sbírka B.P. Molla
|7 mzk2005304487
|2 czenas
|
| 651 |
|
7 |
|a Landau in der Pfalz (Německo)
|7 ge635564
|2 czenas
|
| 700 |
1 |
|
|a Bourgoin, P.
|4 egr
|
| 856 |
4 |
1 |
|u http://mapy.mzk.cz/mzk03/001/057/278/2619318095
|y Digitalizovaný dokument
|
| 903 |
|
|
|a RP
|
| 910 |
|
|
|a BOA001
|b Moll-0004.353
|
| 978 |
|
|
|b S.n.
|a s.l.
|c 1735
|
| 985 |
|
|
|a 1701-1750
|
| 985 |
|
|
|a 1751-1800
|
| 990 |
|
|
|a MP
|
| 991 |
|
|
|k mzk
|